000
00304nam a22001337a 4500
020
_a
81-8022-098-8
082
_a
000
_b
PRI/P
100
_a
PRIORITY PUBLICATIONS
245
_a
PRONOUN
260
_a
INDIA
_b
PRIORITY PUBLICATIONS
300
_a
12
650
_a
MY LITTLE BOOK OF GRAMMAR
_z
INDIA
942
_c
BK
999
_c
4649
_d
4649